EL CONSTITUCIONALISMO SOCIAL MEXICANO : (Registro nro. 57307)
[ vista simple ]
| 000 -LEADER | |
|---|---|
| fixed length control field | 01120nam a2200205 a 4500 |
| 001 - CONTROL NUMBER | |
| control field | 57307 |
| 005 - DATE AND TIME OF LATEST TRANSACTION | |
| control field | 20180714053435.0 |
| 008 - FIXED-LENGTH DATA ELEMENTS--GENERAL INFORMATION | |
| fixed length control field | 140415s1991 mx 000 0 spa d |
| 020 ## - INTERNATIONAL STANDARD BOOK NUMBER | |
| International Standard Book Number | 9681636260 |
| 041 ## - LANGUAGE CODE | |
| Language code of text/sound track or separate title | spa |
| 082 ## - DEWEY DECIMAL CLASSIFICATION NUMBER | |
| Classification number | 342.02 |
| Item number | SAY |
| 100 1# - MAIN ENTRY--PERSONAL NAME | |
| Personal name | SAYEG HELU, JORGE |
| 245 13 - TITLE STATEMENT | |
| Title | EL CONSTITUCIONALISMO SOCIAL MEXICANO : |
| Remainder of title | LA INTEGRACION CONSTITUCIONAL DE MEXICO |
| 250 ## - EDITION STATEMENT | |
| Edition statement | 1a ed. |
| 260 ## - PUBLICATION, DISTRIBUTION, ETC. | |
| Place of publication, distribution, etc. | MEXICO : |
| Name of publisher, distributor, etc. | FONDO DE CULTURA ECONOMICA, |
| Date of publication, distribution, etc. | 1991 |
| 300 ## - PHYSICAL DESCRIPTION | |
| Extent | 219 |
| Dimensions | 15.5 x 4.5 x 23 |
| 490 ## - SERIES STATEMENT | |
| Series statement | SECCION DE OBRAS DE FILOSOFIA |
| 520 ## - SUMMARY, ETC. | |
| Summary, etc. | LA INDEPENDENCIA, LA REFORMA Y LA REVOLUCION MEXICANA SON LAS TRES ETAPAS FUNDAMENTALES EN EL NACIMIENTO DE NUESTRA NACIONALIDAD. NO SOLO EN CUANTO MOVIMIENTOS SOCIALES DE GRAN ENVERGADURA, SINO COMO EL ORIGEN DE LAS TRES CARTAS CONSTITUCIONALES QUE CONFORMARON EL DESARROLLO INSTITUCIONAL DE MEXICO MODERNO. SI LA CONSTITUCION DE 1824- PRIMERA CARTA MAGNA DEL MEXICO INDEPENDIENTE- HIZO POSIBLE LA APARICION DE UNA REPUBLICA FEDERAL; SI LA DE 1857- CODIGO LIBERAL POR EXCELENCIA- RESUME EL |
| 650 14 - SUBJECT ADDED ENTRY--TOPICAL TERM | |
| Topical term or geographic name entry element | CONSTITUCION |
| General subdivision | HISTORIA |
| -- | MEXICO |
| -- | MEXICO |
| -- | HISTORIA |
| Withdrawn status | Lost status | Source of classification or shelving scheme | Damaged status | Not for loan | Collection code | Home library | Current library | Shelving location | Date acquired | Source of acquisition | Inventory number | Total Checkouts | Full call number | Barcode | Date last seen | Date last checked out | Price effective from | Koha item type |
|---|---|---|---|---|---|---|---|---|---|---|---|---|---|---|---|---|---|---|
| Dewey Decimal Classification | General | Biblioteca Karol Wojtyla | Biblioteca Karol Wojtyla | Sala general | 03/12/2013 | Compra | 151000000000000000050158 | 1 | 342.02 SAY | 86627 | 05/01/2026 | 18/01/2020 | 03/12/2013 | Libro |